Las causas matrimoniales en las partidas de Alfonso el Sabio
Saved in:
| Hovedforfatter: | |
|---|---|
| Format: | Bog |
| Sprog: | spansk |
| Udgivet: |
Salamanca, España
Consejo Superior de Investigaciones Científicas
1966
|
| Fag: | |
| Tags: |
Tilføj Tag
Ingen Tags, Vær først til at tagge denne postø!
|
MARC
| LEADER | 00000nam a2200000 a 4500 | ||
|---|---|---|---|
| 001 | UCV0097 | ||
| 003 | CL-VaPUC | ||
| 005 | 20241204160113.0 | ||
| 008 | 880324e19660000SP |||||||||||||||||spa|d | ||
| 999 | |c 208838 |d 208836 | ||
| 040 | |c Pontificia Universidad Católica de Valparaíso | ||
| 082 | 0 | 4 | |a 262.92 MAR 1966 |2 21 |
| 100 | |a Martínez Marcos, Esteban |e autor |9 294813 | ||
| 245 | 1 | 4 | |a Las causas matrimoniales en las partidas de Alfonso el Sabio |
| 260 | |a Salamanca, España |b Consejo Superior de Investigaciones Científicas |c 1966 | ||
| 300 | |a 199 páginas | ||
| 583 | |a last modification |c 19880324 00:00:00 |k Rodrigo Vera | ||
| 650 | 7 | |a MATRIMONIO |2 CL-VaPUC |9 294814 | |
| 650 | 7 | |a DERECHO CANONICO |2 CL-VaPUC |9 294815 | |
| 650 | 7 | |a NULIDAD DEL MATRIMONIO |2 CL-VaPUC |9 294816 | |
| 650 | 0 | |a Tribunales eclesiásticos |9 254931 | |
| 852 | |a BIBDER | ||
| 942 | |c BK |2 ddc | ||
| 945 | |d 19880324 00:00:00 | ||
| 952 | |0 0 |1 0 |4 0 |6 262_920000000000000_MAR_1966 |7 0 |8 A |9 183776 |a BIBDER |b BIBDER |d 2019-11-14 |i 2501589 |o 262.92 MAR 1966 |p 2501589 |r 2023-01-25 |w 2019-11-14 |y BK |k DER | ||
| 952 | |0 0 |1 0 |4 0 |6 262_920000000000000_MAR_1966 |7 0 |8 DER_HDC |9 183777 |a BIBDER |b BIBDER |d 2019-11-14 |i 2501597 |o 262.92 MAR 1966 |p 2501597 |r 2023-01-25 |w 2019-11-14 |x Ubicación 4to Piso |y BK |z Estos recursos deben solicitarse con anticipación |k DER | ||
| 952 | |0 0 |1 0 |4 0 |6 262_920000000000000_MAR_1966 |7 0 |8 DER_HDC |9 183778 |a BIBDER |b BIBDER |d 2019-11-14 |i 392291K |o 262.92 MAR 1966 |p 392291K |r 2023-01-25 |w 2019-11-14 |x Ubicación 4to Piso |y BK |z Estos recursos deben solicitarse con anticipación |k DER | ||